Govt. of
Madhya Pradesh

Normal view MARC view

Entry Topical Term

Number of records used in: 0

001 - CONTROL NUMBER

  • control field: 16941

003 - CONTROL NUMBER IDENTIFIER

  • control field: OSt

005 - DATE AND TIME OF LATEST TRANSACTION

  • control field: 20151027142540.0

008 - FIXED-LENGTH DATA ELEMENTS

  • fixed length control field: 151027|| aca||aabn | a|a d

040 ## - CATALOGING SOURCE

  • Original cataloging agency: OSt
  • Transcribing agency: OSt

150 ## - HEADING--TOPICAL TERM

  • Topical term or geographic name entry element: social problem & services

670 ## - SOURCE DATA FOUND

  • Source citation: Work cat.: (OSt)44457: Dhar, D N 13567, Kashmir's Accession to india, 2009